000 00632nam a2200253Ia 4500
003 OSt
005 20221006145307.0
006 a|||||r|||| 00| 0
007 ta
008 221006b |||||||| |||| 00| 0 eng d
020 _c
_7.95
024 _a14,372
037 _cTextual
040 _aEASL
_cEASL
_beng
041 _2eng
_aeng
082 _aN41.N6, L7
100 _aSULLIVAN Michael
245 0 _aArts of China
260 _aBerkeley
_bUniversity of California Press
_c1977
300 _a287p.
_ccm.
650 _aCEL
942 _hN41.N6, L7
_cTEXL
_2CC
999 _c1082458
_d1082458